Statistiques concernant Top 15 des meilleurs plats au monde

Cliquez ici pour prendre le quiz!

Statistiques générales

  • Ce quiz a été pris 379 fois
  • Le résultat moyen est 3 sur 15

Statistiques - réponses

PlacePays d'origineNom du plat% Correct
2MexiqueTacos
71%
15MaghrebCouscous
65%
8USAHamburger
46%
14TurquieKebab
44%
7JaponSushis
33%
4Royaume-UniFish and Chips
28%
1ItaliePizzas
18%
9VietnamPho
15%
5ThailandePad thai
11%
11BelgiqueMoules Frites
5%
3IndePoulet tikka
5%
12ArgentineAsado
2%
13GreceMousaka
2%
6FranceCreme brulée
1%
10AllemagneSauerbraten
0%

Distribution des résultats

Percentile par nombre de réponses

% des personnes avec chaque résultat

Votre développement - résultats

Vous n’avez pas pris ce quiz